000 00754nam a2200241 a 4500
001 BRCA_6451
005 20190320205447.0
008 240911s1930----nyua######---#000-0#eng-#
041 _aeng
044 _anyu
050 4 _aNK4275
_b.L43 1930
245 1 0 _aLead-glazed pottery from Valencia in the collection of the Hispanic Society of America
260 _aNueva York
_bThe Hispanic Society of America
_c1930
300 _a[5]
_bil.
_c19 cm.
500 _aM53
650 1 4 _aCristal de plomo
_916114
650 1 4 _aCerámica
_zValencia, España
_916115
650 1 4 _aGalerias y Museos
_zEstados Unidos de Norteamerica
_916116
650 1 4 _aCerámica
_zEspaña
_916117
710 2 _aHispanic Society of America
_916118
902 _aGFM
942 _2lcc
_cB
999 _c6135
_d6135